000
002760000a22001090004500
090
_a
AS
_b
Seriadas
245
1
0
_a
Aristoloquiáceas nuevas de Colombia
041
0
_a
Español
100
1
_a
Uribe Uribe, Lorenzo
_9
96776
942
_c
ARTICULO
773
1
_t
Caldasia
_h
31
_q
33-38
_d
1955
_g
7
999
_c
15826
_d
15826